000 00307nam a2200121Ia 4500
008 190216s9999||||xx |||||||||||||| ||und||
100 _aKeattch Cj&Amp;Dollimore D
245 0 _aIntroduction To Thermogavimetry
260 _bHeyden Pub
_c1975
300 _a164p
650 _aChemistry-Chemistry
942 _cBK
999 _c2263
_d2263